La gloria de don Ramiro (Record no. 5866)

MARC details
000 -CABECERA
campo de control de longitud fija 00562nam a2200181 a 4500
001 - NÚMERO DE CONTROL
campo de control BRCA_6179
005 - FECHA Y HORA DE LA ÚLTIMA TRANSACCIÓN
campo de control 20190320205348.0
008 - DATOS DE LONGITUD FIJA--INFORMACIÓN GENERAL
campo de control de longitud fija 110711s1940----fr-#######---#000-0#spa-#
050 #4 - SIGNATURA TOPOGRÁFICA DE LA BIBLIOTECA DEL CONGRESO
Número de clasificación PQ7797
Número de documento/Ítem .L28 G6
-- [1940]
100 1# - ENTRADA PRINCIPAL--NOMBRE DE PERSONA
Nombre de persona Larreta, Enrique R.
Fechas asociadas al nombre 1875-1961
9 (RLIN) 15559
245 10 - MENCIÓN DE TÍTULO
Título La gloria de don Ramiro
Resto del título una vida en tiempos de Felipe II
Mención de responsabilidad, etc. Enrique R. Larreta.
260 ## - PUBLICACIÓN, DISTRIBUCIÓN, ETC.
Lugar de publicación, distribución, etc. París
Nombre del editor, distribuidor, etc. Garnier hermanos
Fecha de publicación, distribución, etc. [1940]
300 ## - DESCRIPCIÓN FÍSICA
Extensión 406 p.
Dimensiones 19 cm.
500 ## - NOTA GENERAL
Nota general K62
651 #4 - PUNTO DE ACCESO ADICIONAL DE MATERIA--NOMBRE GEOGRÁFICO
Nombre geográfico España
Subdivisión de forma Ficción
Subdivisión general Historia
Subdivisión cronológica Felipe II, 1556-1598
9 (RLIN) 15560
902 ## - CATALOGADOR
Iniciales GFM
942 ## - ELEMENTOS DE PUNTO DE ACCESO ADICIONAL (KOHA)
Fuente del sistema de clasificación o colocación Library of Congress Classification
Tipo de ítem Koha Libros
Holdings
Estado de retiro Estado de pérdida Estado dañado No para préstamo Localización permanente Ubicación/localización actual Fecha de adquisición Número de inventario Total de préstamos Signatura topográfica completa Código de barras Fecha visto por última vez Precio válido a partir de Tipo de ítem Koha
El ejemplar forma parte de la colección y puede ser consultado según las políticas vigentes.       Biblioteca del Museo Franz Mayer (Rogerio Casas-Alatriste) Biblioteca del Museo Franz Mayer (Rogerio Casas-Alatriste) 11/07/2011 K62   PQ7797 .L28 G6 [1940] (K62) 6618 22/03/2019 22/03/2019 Libros